PERFORMANCE OF PHARMACEUTICAL COMPANIES (Record no. 23764)
[ view plain ]
| 000 -LEADER | |
|---|---|
| fixed length control field | 00366nam a2200133Ia 4500 |
| 008 - FIXED-LENGTH DATA ELEMENTS--GENERAL INFORMATION | |
| fixed length control field | 240624s9999 xx 000 0 und d |
| 041 ## - LANGUAGE CODE | |
| Language code of text/sound track or separate title | eng |
| 082 ## - DEWEY DECIMAL CLASSIFICATION NUMBER | |
| Classification number | 338.4 MAZ |
| 100 ## - MAIN ENTRY--PERSONAL NAME | |
| Personal name | MAZUMDAR MAINAK |
| 245 ## - TITLE STATEMENT | |
| Title | PERFORMANCE OF PHARMACEUTICAL COMPANIES |
| 260 ## - PUBLICATION, DISTRIBUTION, ETC. | |
| Date of publication, distribution, etc. | 2013 |
| Place of publication, distribution, etc. | London |
| Name of publisher, distributor, etc. | Springer-Verlag/Springer |
| 300 ## - PHYSICAL DESCRIPTION | |
| Extent | xviii, : 202 : p. : cm. ; 24 |
| 365 ## - TRADE PRICE | |
| Currency code | ERU |
| Price amount | 28 |
| Withdrawn status | Lost status | Damaged status | Not for loan | Home library | Current library | Shelving location | Date acquired | Source of acquisition | Cost, normal purchase price | Full call number | Barcode | Date last seen | Copy number | Price effective from | Koha item type |
|---|---|---|---|---|---|---|---|---|---|---|---|---|---|---|---|
| IMTN | IMTN | Rack 11-B | 11/05/2014 | MB | 99.95 | 338.4 MAZ | 23764 | 06/24/2024 | 83.3 | 06/24/2024 | Books |